Normal view MARC view
  • PROJECT SUPERVISOR DR. AHSAN SHAHZAD DR. UROOJ FATIMA

Entry Corporate Name

Number of records used in: 1

001 - CONTROL NUMBER

  • control field: 96495

003 - CONTROL NUMBER IDENTIFIER

  • control field: NUST

005 - DATE AND TIME OF LATEST TRANSACTION

  • control field: 20220804094808.0

008 - FIXED-LENGTH DATA ELEMENTS

  • fixed length control field: 220804|| aca||aabn | a|a d

040 ## - CATALOGING SOURCE

  • Original cataloging agency: NUST
  • Transcribing agency: NUST

110 ## - HEADING--CORPORATE NAME

  • Corporate name or jurisdiction name as entry element: PROJECT SUPERVISOR DR. AHSAN SHAHZAD DR. UROOJ FATIMA

670 ## - SOURCE DATA FOUND

  • Source citation: Work cat.: (NUST): ASC AMNA BATOOL NS IQRA NADEEM NS USMAN HABIB ASC MUZAMIL HAMEED 96494, PR-SOF-2097-Smart Superstore Guide, 2022.
© 2023 Central Library, National University of Sciences and Technology. All Rights Reserved.